CAD/CAM: Computer-aided design and manufacturing (Record no. 173679)

MARC details
000 -LEADER
fixed length control field 00385nam a2200145Ia 4500
008 - FIXED-LENGTH DATA ELEMENTS--GENERAL INFORMATION
fixed length control field 230917s9999||||xx |||||||||||||| ||und||
040 ## - CATALOGING SOURCE
-- 204494
Original cataloging agency VIVEKANANDA LIBRARY
041 ## - Language
-- English
082 ## - DDC NUMBER
Classification number 670.285 G899C
100 ## - MAIN ENTRY--PERSONAL NAME
Personal name Groover, Mikell P
245 #0 - TITLE STATEMENT
Title CAD/CAM: Computer-aided design and manufacturing
260 ## - PUBLICATION, DISTRIBUTION, ETC. (IMPRINT)
Place of publication, distribution, etc New Delhi
Name of publisher, distributor, etc Pearson Education
Date of publication, distribution, etc 2012
300 ## - PHYSICAL DESCRIPTION
Pages 511 p.
942 ## - ADDED ENTRY ELEMENTS (KOHA)
Koha item type Books
Holdings
Withdrawn status Lost status Damaged status Not for loan Location (home branch) Sublocation or collection (holding branch) Shelving location Date acquired Koha issues (times borrowed) Koha full call number Accession No. Koha date last seen Koha item type
        VIVEKANANDA LIBRARY VIVEKANANDA LIBRARY UIET Library 29/01/2013   670.285 G899C 325983 17/09/2023 Books
        VIVEKANANDA LIBRARY VIVEKANANDA LIBRARY UIET Library 29/01/2013   670.285 G899C 325984 17/09/2023 Books
        VIVEKANANDA LIBRARY VIVEKANANDA LIBRARY UIET Library 29/01/2013 1 670.285 G899C 325985 22/12/2023 Books
        VIVEKANANDA LIBRARY VIVEKANANDA LIBRARY UIET Library 29/01/2013   670.285 G899C 325986 17/09/2023 Books
© Designed and Maintained by Vivekananda Library, MDU Rohtak